[Event "EU-ch Seniors 50 22nd"]
[Site "Acqui Terme"]
[Date "2023.05.31"]
[Round "6"]
[White "Mileto, Gabriele"]
[Black "Tunge, Christian"]
[Result "1/2-1/2"]
[WhiteElo "2092"]
[BlackElo "1991"]
[PlyCount "22"]
[EventDate "2023.05.26"]
[EventType "swiss"]
[EventRounds "9"]
[EventCountry "ITA"]
[SourceTitle "CBM 214 Extra"]
[Source "ChessBase"]
[SourceDate "2023.07.31"]
[SourceVersion "1"]
[SourceVersionDate "2023.07.31"]
[SourceQuality "1"]

1. Nf3 c5 2. c4 g6 3. d4 cxd4 4. Nxd4 Nc6 5. e4 Nf6 6. Nc3 d6 7. Be2 Nxd4 8. Qxd4 Bg7 9. Bg5 0-0 10. Qd2 a5 11. 0-0 a4 1/2-1/2

[Event "Campalto op 1st"]
[Site "Campalto"]
[Date "2023.03.10"]
[Round "3"]
[White "Mileto, Gabriele"]
[Black "Gibellato, Francesco"]
[Result "1-0"]
[WhiteElo "2092"]
[BlackElo "1822"]
[PlyCount "45"]
[EventDate "2023.02.24"]
[EventType "swiss"]
[EventRounds "5"]
[EventCountry "ITA"]
[SourceTitle "EXT 2024"]
[Source "ChessBase"]
[SourceDate "2023.10.10"]
[SourceVersion "1"]
[SourceVersionDate "2023.10.10"]
[SourceQuality "1"]

1. d4 Nf6 2. c4 g6 3. Nc3 Bg7 4. e4 d6 5. f3 c6 6. Be3 a6 7. a4 Nbd7 8. Qd2 e5 9. Nge2 0-0 10. d5 cxd5 11. cxd5 Qa5 12. Rb1 Nh5 13. g4 Nhf6 14. Ng3 b5 15. b4 Qd8 16. a5 Kh8 17. h4 h5 18. Bg5 hxg4 19. h5 gxh5 20. Nxh5 Kg8 21. Nxg7 gxf3 22. Qh2 f2+ 23. Kd1 1-0

[Event "Wch Seniors 50 30th"]
[Site "Assisi"]
[Date "2022.11.20"]
[Round "6"]
[White "Mileto, Gabriele"]
[Black "Zeller, Frank"]
[Result "1/2-1/2"]
[WhiteElo "2074"]
[BlackElo "2359"]
[PlyCount "91"]
[EventDate "2022.11.15"]
[EventType "swiss"]
[EventRounds "11"]
[EventCountry "ITA"]
[SourceTitle "CBM 211 Extra"]
[Source "ChessBase"]
[SourceDate "2023.01.31"]
[SourceVersion "1"]
[SourceVersionDate "2023.01.31"]
[SourceQuality "1"]

1. Nf3 c5 2. c4 Nc6 3. Nc3 e5 4. g3 g6 5. Bg2 Bg7 6. 0-0 d6 7. a3 a5 8. d3 Nge7 9. Ne1 Be6 10. Nd5 Rb8 11. Bg5 0-0 12. Bxe7 Nxe7 13. Nxe7+ Qxe7 14. Qa4 Qc7 15. b4 e4 16. Rb1 axb4 17. axb4 exd3 18. exd3 Bg4 19. Bf3 Bxf3 20. Nxf3 Qc6 21. Qxc6 bxc6 22. b5 cxb5 23. Rxb5 Rxb5 24. cxb5 Rb8 25. Rb1 Bc3 26. Ng5 Bb4 27. Ne4 Rb6 28. d4 Kg7 29. Rd1 h6 30. dxc5 Bxc5 31. Nc3 Rb7 32. Ne4 Rxb5 33. Nxd6 Rb2 34. Ne4 Bb6 35. Rd2 Rb4 36. Nc3 Rc4 37. Nd5 Bc5 38. Kg2 h5 39. Ne3 Re4 40. Kf3 Re6 41. Rd5 Bb6 42. h4 Rf6+ 43. Kg2 Re6 44. Kf3 Rf6+ 45. Kg2 Re6 46. Kf3 1/2-1/2

[Event "Veneto-ch qf 80th"]
[Site "Sottomarina"]
[Date "2021.06.06"]
[Round "4.2"]
[White "Basso, Pier Luigi"]
[Black "Mileto, Gabriele"]
[Result "1-0"]
[WhiteElo "2550"]
[BlackElo "2095"]
[PlyCount "51"]
[EventDate "2021.06.04"]
[EventType "swiss"]
[EventRounds "5"]
[EventCountry "ITA"]
[SourceTitle "EXT 2024"]
[Source "ChessBase"]
[SourceDate "2023.10.10"]
[SourceVersion "1"]
[SourceVersionDate "2023.10.10"]
[SourceQuality "1"]

1. d4 Nf6 2. c4 g6 3. Nc3 d5 4. Qb3 dxc4 5. Qxc4 Bg7 6. e4 0-0 7. Be2 a6 8. Bf4 b5 9. Qxc7 Qxc7 10. Bxc7 Bb7 11. f3 Nc6 12. d5 Nd4 13. Bd3 Nd7 14. Rd1 Rac8 15. Ba5 e6 16. d6 Nc6 17. Bc7 Nc5 18. a3 Ne5 19. Be2 Bc6 20. Nh3 Nc4 21. Bxc4 bxc4 22. Nf2 Bd7 23. 0-0 Nb3 24. Rfe1 Bxc3 25. bxc3 f6 26. Ng4 1-0

[Event "Veneto-ch qf 80th"]
[Site "Sottomarina"]
[Date "2021.06.04"]
[Round "1.6"]
[White "Mileto, Gabriele"]
[Black "Rosina, Graziano"]
[Result "1-0"]
[WhiteElo "2095"]
[BlackElo "1755"]
[PlyCount "45"]
[EventDate "2021.06.04"]
[EventType "swiss"]
[EventRounds "5"]
[EventCountry "ITA"]
[SourceTitle "EXT 2024"]
[Source "ChessBase"]
[SourceDate "2023.10.10"]
[SourceVersion "1"]
[SourceVersionDate "2023.10.10"]
[SourceQuality "1"]

1. Nf3 Nf6 2. d4 d6 3. c4 g6 4. Nc3 Bg7 5. e4 0-0 6. Be2 c5 7. 0-0 Nbd7 8. d5 a6 9. h3 Ne8 10. Bg5 Ne5 11. Nh2 f6 12. Bh4 Nc7 13. f4 Nf7 14. Nf3 Bd7 15. a4 Qe8 16. a5 e6 17. Bd3 exd5 18. exd5 Qe3+ 19. Kh2 Qxf4+ 20. Bg3 Qh6 21. Ne4 Ne8 22. Qb3 Rb8 23. Nxc5 1-0